000 01114nam a2200265Ia 4500
003 OSt
005 20200717122421.0
008 191128s1994 ck ad gr 000 0dspa d
020 _a9586015440
040 _aCO-JMCR
_cCO-JMCR
041 0 _aspa
082 0 4 _a330.9861 /
_bK147e1
_223
100 1 _aKalmanovitz, Salomón,
_eautor
_95368
245 1 0 _aEconomía y nación :
_buna breve historia de Colombia /
_cSalomón Kalmanovitz
250 _aCuarta edición
260 _aBogotá :
_bTercer Mundo,
_c1994.
300 _a576 páginas :
_bgráficos a blanco y negro ;
_c22 cm.
490 0 _aHistoria económica
500 _aIncluye datos biográficos del autor en la solapa
505 0 _aEl régimen económico durante la colonia -- Agricultura y artesanía durante el siglo XIX -- Los orígenes de la industrialización -- La industrialización liberal -- Desarrollo y violencia -- La gran recesión -- Auge económico, neoliberalismo
650 1 4 _aHistoria económica
_97463
650 1 4 _aEconomía
_xHistoria
_zColombia
_96949
650 2 4 _aCondiciones económicas
_zColombia
_96839
942 _2ddc
_cBK
999 _c5447
_d5447